<?xml version="1.0" encoding="UTF-8"?>
<record
    xmlns:xsi="http://www.w3.org/2001/XMLSchema-instance"
    xsi:schemaLocation="http://www.loc.gov/MARC21/slim http://www.loc.gov/standards/marcxml/schema/MARC21slim.xsd"
    xmlns="http://www.loc.gov/MARC21/slim">

  <leader>00579nam a22001577a 4500</leader>
  <controlfield tag="003">OSt</controlfield>
  <controlfield tag="005">20151225105539.0</controlfield>
  <controlfield tag="008">151225b        xxu||||| |||| 00| 0 eng d</controlfield>
  <datafield tag="040" ind1=" " ind2=" ">
    <subfield code="c">RUA</subfield>
  </datafield>
  <datafield tag="082" ind1=" " ind2=" ">
    <subfield code="a">AGI CHO 2007 B274 Or.1</subfield>
  </datafield>
  <datafield tag="100" ind1=" " ind2=" ">
    <subfield code="9">5576</subfield>
    <subfield code="a">CHOUN, MUNYRITH.</subfield>
  </datafield>
  <datafield tag="245" ind1=" " ind2=" ">
    <subfield code="a">Fish sauce production of sanry handicraft in siem reap province (&#x1780;&#x17B6;&#x179A;&#x1795;&#x179B;&#x17B7;&#x178F;&#x1791;&#x17B9;&#x1780;&#x178F;&#x17D2;&#x179A;&#x17B8;&#x179A;&#x1794;&#x179F;&#x17CB;&#x179F;&#x1794;&#x17D2;&#x1794;&#x1780;&#x1798;&#x17D2;&#x1798;&#x179F;&#x17C1;&#x1793;&#x179A;&#x17B8;&#x1793;&#x17C5;&#x1780;&#x17D2;&#x1793;&#x17BB;&#x1784;&#x1781;&#x17C1;&#x178F;&#x17D2;&#x178F;&#x179F;&#x17C0;&#x1798;&#x179A;&#x17B6;&#x1794;)</subfield>
  </datafield>
  <datafield tag="260" ind1=" " ind2=" ">
    <subfield code="a">Phnom Penh</subfield>
    <subfield code="b">RUA</subfield>
    <subfield code="c">2007</subfield>
  </datafield>
  <datafield tag="300" ind1=" " ind2=" ">
    <subfield code="a">ix,40p.</subfield>
    <subfield code="b">ill.</subfield>
    <subfield code="c">29cm.</subfield>
  </datafield>
  <datafield tag="942" ind1=" " ind2=" ">
    <subfield code="2">ddc</subfield>
    <subfield code="c">AGI</subfield>
  </datafield>
  <datafield tag="999" ind1=" " ind2=" ">
    <subfield code="c">5190</subfield>
    <subfield code="d">5190</subfield>
  </datafield>
  <datafield tag="952" ind1=" " ind2=" ">
    <subfield code="0">0</subfield>
    <subfield code="1">0</subfield>
    <subfield code="2">ddc</subfield>
    <subfield code="4">0</subfield>
    <subfield code="6">AGI_CHO_2007_000000000000000_B274_OR_1</subfield>
    <subfield code="7">0</subfield>
    <subfield code="9">27655</subfield>
    <subfield code="a">LBB</subfield>
    <subfield code="b">LBB</subfield>
    <subfield code="c">B274</subfield>
    <subfield code="d">2015-12-25</subfield>
    <subfield code="o">AGI CHO 2007 B274 Or.1</subfield>
    <subfield code="p">RUA038231</subfield>
    <subfield code="r">2015-12-25</subfield>
    <subfield code="w">2015-12-25</subfield>
    <subfield code="y">AGI</subfield>
  </datafield>
  <datafield tag="952" ind1=" " ind2=" ">
    <subfield code="0">0</subfield>
    <subfield code="1">0</subfield>
    <subfield code="2">ddc</subfield>
    <subfield code="4">0</subfield>
    <subfield code="6">AGI_CHO_2007_000000000000000_B274_OR_2</subfield>
    <subfield code="7">0</subfield>
    <subfield code="9">27656</subfield>
    <subfield code="a">LBB</subfield>
    <subfield code="b">LBB</subfield>
    <subfield code="c">B274</subfield>
    <subfield code="d">2015-12-25</subfield>
    <subfield code="o">AGI CHO 2007 B274 Or.2</subfield>
    <subfield code="p">RUA038580</subfield>
    <subfield code="r">2015-12-25</subfield>
    <subfield code="w">2015-12-25</subfield>
    <subfield code="y">AGI</subfield>
  </datafield>
  <datafield tag="952" ind1=" " ind2=" ">
    <subfield code="0">0</subfield>
    <subfield code="1">0</subfield>
    <subfield code="2">ddc</subfield>
    <subfield code="4">0</subfield>
    <subfield code="6">AGI_CHO_2007_000000000000000_B274_OR_3</subfield>
    <subfield code="7">0</subfield>
    <subfield code="9">27657</subfield>
    <subfield code="a">LBB</subfield>
    <subfield code="b">LBB</subfield>
    <subfield code="c">B274</subfield>
    <subfield code="d">2015-12-25</subfield>
    <subfield code="l">1</subfield>
    <subfield code="o">AGI CHO 2007 B274 Or.3</subfield>
    <subfield code="p">RUA038086</subfield>
    <subfield code="r">2016-05-03</subfield>
    <subfield code="s">2016-05-02</subfield>
    <subfield code="w">2015-12-25</subfield>
    <subfield code="y">AGI</subfield>
  </datafield>
  <datafield tag="952" ind1=" " ind2=" ">
    <subfield code="0">0</subfield>
    <subfield code="1">0</subfield>
    <subfield code="2">ddc</subfield>
    <subfield code="4">0</subfield>
    <subfield code="6">AGI_CHO_2007_000000000000000_B274_OR_4</subfield>
    <subfield code="7">0</subfield>
    <subfield code="9">27658</subfield>
    <subfield code="a">LBB</subfield>
    <subfield code="b">LBB</subfield>
    <subfield code="c">B274</subfield>
    <subfield code="d">2015-12-25</subfield>
    <subfield code="l">2</subfield>
    <subfield code="o">AGI CHO 2007 B274 Or.4</subfield>
    <subfield code="p">RUA037853</subfield>
    <subfield code="r">2019-01-28</subfield>
    <subfield code="s">2019-01-26</subfield>
    <subfield code="w">2015-12-25</subfield>
    <subfield code="y">AGI</subfield>
  </datafield>
  <datafield tag="952" ind1=" " ind2=" ">
    <subfield code="0">0</subfield>
    <subfield code="1">0</subfield>
    <subfield code="2">ddc</subfield>
    <subfield code="4">0</subfield>
    <subfield code="6">AGI_CHO_2007_000000000000000_B274_OR_5</subfield>
    <subfield code="7">0</subfield>
    <subfield code="9">27659</subfield>
    <subfield code="a">LBB</subfield>
    <subfield code="b">LBB</subfield>
    <subfield code="c">B274</subfield>
    <subfield code="d">2015-12-25</subfield>
    <subfield code="o">AGI CHO 2007 B274 Or.5</subfield>
    <subfield code="p">RUA038546</subfield>
    <subfield code="r">2015-12-25</subfield>
    <subfield code="w">2015-12-25</subfield>
    <subfield code="y">AGI</subfield>
  </datafield>
  <datafield tag="952" ind1=" " ind2=" ">
    <subfield code="0">0</subfield>
    <subfield code="1">0</subfield>
    <subfield code="2">ddc</subfield>
    <subfield code="4">0</subfield>
    <subfield code="6">AGI_CHO_2007_000000000000000_B274_OR_6</subfield>
    <subfield code="7">0</subfield>
    <subfield code="9">27660</subfield>
    <subfield code="a">LBB</subfield>
    <subfield code="b">LBB</subfield>
    <subfield code="c">B274</subfield>
    <subfield code="d">2015-12-25</subfield>
    <subfield code="l">1</subfield>
    <subfield code="o">AGI CHO 2007 B274 Or.6</subfield>
    <subfield code="p">RUA038230</subfield>
    <subfield code="r">2016-06-08</subfield>
    <subfield code="s">2016-06-07</subfield>
    <subfield code="w">2015-12-25</subfield>
    <subfield code="y">AGI</subfield>
  </datafield>
  <datafield tag="952" ind1=" " ind2=" ">
    <subfield code="0">0</subfield>
    <subfield code="1">0</subfield>
    <subfield code="2">ddc</subfield>
    <subfield code="4">0</subfield>
    <subfield code="6">AGI_CHO_2007_000000000000000_B274_OR_7</subfield>
    <subfield code="7">0</subfield>
    <subfield code="9">27661</subfield>
    <subfield code="a">LBB</subfield>
    <subfield code="b">LBB</subfield>
    <subfield code="c">B274</subfield>
    <subfield code="d">2015-12-25</subfield>
    <subfield code="o">AGI CHO 2007 B274 Or.7</subfield>
    <subfield code="p">RUA038724</subfield>
    <subfield code="r">2015-12-25</subfield>
    <subfield code="w">2015-12-25</subfield>
    <subfield code="y">AGI</subfield>
  </datafield>
</record>
